00266nam a2200097Ia 4500008004100000100002000041245006700061260002400128300000800152650000800160191201s2012 xx 000 0 und d aKINICKI, Angelo 0aOrganizational Behavior Key Concepts Skills and Best Practices aN. DelhibTMHc2012 a472 aBBA